000 00438nam a2200181Ia 4500
001 816
005 20260306140545.0
008 260306t2000||||xx |||||||||||||| ||spa||
041 _aESP
082 _a170
_bG84 2000
100 _aGuardini, Romano
_eAUT
245 0 _aÉtica:
_blecciones en la Universidad de Múnich
260 _c2000
300 _a937 páginas :
_c20 cm.
650 _aGEN
654 _aCHU
942 _cLIB
_dJUS
_fJUS
_2ddc
_n
999 _c816
_d816